Lassítsunk! új évi gondolatok

Podrobná bibliografia
Hlavný autor: Tőzsér, Árpád, 1935- (Autor)
Médium: Článok
Jazyk:maďarčina
slovenčina
ISSN:1335-6631
Predmet:

MARC

LEADER 00000nab a2200000 a 4500
001 vtls000784320
003 SK-MaSNL
005 20260319074910.0
008 160314c2002 xo 0 hun
015 |a SNBRB2002/02-06156 
035 |a CLN000135997 
040 |a SNKBUCL  |b slo  |c SNKBUCL  |e AACR2 
041 0 |a slo 
044 |a xo  |c SK 
080 |a 894.511 (437.6)-9=945.11  |2 UDC-MRF-SK2 
100 1 |a Tőzsér, Árpád,  |d 1935-  |4 aut  |9 89438 
245 1 0 |a Lassítsunk!  |b új évi gondolatok  |c Tőzsér Árpád 
650 0 7 |a úvahy, maďarské  |2 snkbucl  |9 848913 
773 0 |x 1335-6631  |t Szabad újság  |g Roč. 10, č. 2 (2002), s. 5 
850 |a Slovenská národná knižnica v Martine 
852 |a SNK  |b KIS3GCP 
958 |a HU 
958 |a SK 
958 |a LX 
958 |a RBX 
999 |c 1365878  |d 1367808